| 000 | 00399cam a2200169ua 4500 | ||
|---|---|---|---|
| 020 | _c2.00 | ||
| 041 |
_amal _h |
||
| 082 |
_a894.8122 _bANT/DA |
||
| 100 | _aAntony, P.J . | ||
| 245 |
_aDaivavum Manushyanum / _cP.J.Antony. _hTextual Documents |
||
| 260 |
_aThrissur : _bCurrent Books , _c1965. |
||
| 300 | _a137 ; . | ||
| 365 | _a2.00 | ||
| 504 | _a | ||
| 942 | _cBK | ||
| 999 |
_c1192 _d1192 |
||